Gaming Quiz

Random Gaming or Border Quiz

Risk Countries Border Blitz Quiz Stats

Quiz Updated Dec 4, 2015

Challenge
Share
Tweet
Embed
Score 0/42 Timer 01:30
7 Plays Today
% Correct
Mongolia
90%
China
89.6%
Afghanistan
89.4%
North Africa
87.6%
Ural
87%
India
86.5%
Siam
85.7%
Siberia
85.5%
Middle East
84.7%
Kamchatka
84.6%
Southern Europe
84.1%
Brazil
83.7%
East Africa
83%
Peru
82%
Venezuela
81.9%
Argentina
81.3%
Ukraine
77.1%
Northern Europe
76.8%
Scandinavia
75%
Japan
74.4%
Ontario
74%
% Correct
South Africa
73.8%
Egypt
73.7%
Western United States
71.8%
Congo
71.2%
Eastern United States
70.8%
Alberta
70.5%
Northwest Territory
70.2%
Madagascar
69.4%
Greenland
69.1%
Irkutsk
68.1%
Iceland
67.8%
Alaska
67.4%
Great Britain
66.3%
Western Europe
66.1%
Quebec
65.4%
Central America
65.1%
Indonesia
64.7%
Yakutsk
61.9%
New Guinea
61.7%
Western Australia
61.7%
Eastern Australia
54.5%

You're not logged in!

Compare scores with friends on all Sporcle quizzes.
Join for Free
OR
Log In

You Might Also Like...

Show Comments

Extras

Top Quizzes Today


Score Distribution

Your Account Isn't Verified!

In order to create a playlist on Sporcle, you need to verify the email address you used during registration. Go to your Sporcle Settings to finish the process.

Report this User

Report this user for behavior that violates our Community Guidelines.

Details: